000 00514nam a22001937a 4500
005 20170721123328.0
007 000
008 000
040 _aUOEL
050 _aQC981.8.C5
_b.H8 2006
245 _aGetting the message across :
_bpromoting ecological agriculture in Bangladesh /
_cDipankar Datta, Kamal Kar
260 _aLondon ;
_biied ,
_cc2006.
300 _a24 p. :
_bill.
440 _aGatekeeper series
_n122
650 _aPhysics
700 _aDatta, Dipankar
700 _aKar, Kamal
942 _2lcc
_cSBK
999 _c13895
_d13895